[Event "CP-2014-P-00051"]
[Site "LSS email"]
[Date "2014.09.30"]
[Round "?"]
[White "Zacharov, Oleg"]
[Black "Rusak, Alexandr Victorovic"]
[Result "1-0"]
[WhiteElo "2163"]
[BlackElo "1786"]
[PlyCount "48"]
[EventDate "2014.10.01"]
[EventType "tourn (corr)"]
[EventRounds "6"]
[EventCountry "GER"]
[SourceTitle "Corr 2015"]
[Source "ChessBase"]
[SourceDate "2015.07.17"]
[SourceVersion "1"]
[SourceVersionDate "2015.07.17"]
[SourceQuality "1"]

1. d4 d5 2. Nf3 Nf6 3. c4 c6 4. e3 Bf5 5. Nc3 e6 6. Nh4 Bg4 7. Qb3 Qc7 8. h3 Bh5 9. g4 Bg6 10. Nxg6 hxg6 11. Bg2 Be7 12. Bd2 Nbd7 13. cxd5 exd5 14. g5 Nh7 15. h4 Nb6 16. e4 dxe4 17. Bxe4 Nf8 18. 0-0-0 Bd6 19. Kb1 Rd8 20. Rde1 Be7 21. d5 Qd6 22. dxc6 bxc6 23. Nb5 Qd7 24. Nxa7 Qxd2 1-0

[Event "BI-2013-F-0009"]
[Site "LSS email"]
[Date "2014.02.21"]
[Round "?"]
[White "Zacharov, Oleg"]
[Black "Davydov, Andrej"]
[Result "1/2-1/2"]
[WhiteElo "2135"]
[BlackElo "1894"]
[PlyCount "65"]
[EventDate "2014.02.27"]
[EventType "tourn (corr)"]
[EventRounds "10"]
[EventCountry "GER"]
[SourceTitle "Corr 2015"]
[Source "ChessBase"]
[SourceDate "2015.07.17"]
[SourceVersion "1"]
[SourceVersionDate "2015.07.17"]
[SourceQuality "1"]

1. d4 Nf6 2. c4 e6 3. Nf3 Bb4+ 4. Bd2 Qe7 5. e3 Bxd2+ 6. Qxd2 b6 7. Nc3 Bb7 8. Be2 0-0 9. 0-0 d6 10. Qd3 c5 11. e4 Nbd7 12. d5 Rfe8 13. Rfe1 Qd8 14. Rad1 exd5 15. exd5 Ne5 16. Nxe5 Rxe5 17. Bf1 Re7 18. Qb1 Bc8 19. Rxe7 Qxe7 20. Re1 Qf8 21. b4 a6 22. bxc5 bxc5 23. h3 Ra7 24. Ne4 Nxe4 25. Rxe4 Re7 26. Rxe7 Qxe7 27. Qb8 Qd7 28. Be2 Kf8 29. Bg4 f5 30. Be2 Ke7 31. Qb2 Kd8 32. Bd3 Kc7 33. Qc3 1/2-1/2

[Event "BI-2013-P-00019"]
[Site "LSS email"]
[Date "2013.04.22"]
[Round "?"]
[White "Zacharov, Oleg"]
[Black "Salzmann, Stefan"]
[Result "1/2-1/2"]
[WhiteElo "2128"]
[BlackElo "2092"]
[PlyCount "68"]
[EventDate "2013.04.25"]
[EventType "tourn (corr)"]
[EventRounds "10"]
[EventCountry "GER"]
[SourceTitle "Telechess CBM 167"]
[Source "ChessBase"]
[SourceDate "2015.07.13"]
[SourceVersion "1"]
[SourceVersionDate "2015.07.13"]
[SourceQuality "1"]

1. d4 Nf6 2. c4 e6 3. Nf3 Bb4+ 4. Bd2 Qe7 5. g3 Nc6 6. Nc3 0-0 7. Bg2 Na5 8. b3 b6 9. 0-0 Bb7 10. Qc2 Rac8 11. Rfd1 h6 12. a3 Bxa3 13. e4 Bb4 14. e5 Nh7 15. Ra4 c5 16. d5 Rfe8 17. Qd3 exd5 18. Nxd5 Bxd5 19. cxd5 Nf8 20. Re1 Ng6 21. d6 Qe6 22. Bxb4 cxb4 23. Rxb4 Rc5 24. Qd1 Nc6 25. Nd4 Nxd4 26. Rxd4 Rxe5 27. Rxe5 Qxe5 28. Re4 Qxe4 29. Bxe4 Rxe4 30. Qd5 Rb4 31. Qa8+ Nf8 32. Qxa7 Rxb3 33. Qc7 b5 34. Qc2 Rb4 1/2-1/2

[Event "WC-2011-F-00004"]
[Site "LSS email"]
[Date "2011.11.23"]
[Round "?"]
[White "Zacharov, Oleg"]
[Black "Engelhard, Christof"]
[Result "1/2-1/2"]
[WhiteElo "2143"]
[BlackElo "2196"]
[PlyCount "53"]
[EventDate "2011.12.01"]
[EventType "tourn (corr)"]
[EventRounds "14"]
[EventCountry "GER"]
[SourceTitle "Telechess CBM 163"]
[Source "ChessBase"]
[SourceDate "2014.11.11"]
[SourceVersion "2"]
[SourceVersionDate "2014.11.11"]
[SourceQuality "1"]

1. e4 e5 2. Nf3 Nf6 3. Nxe5 d6 4. Nf3 Nxe4 5. d4 d5 6. Bd3 Be7 7. 0-0 Nc6 8. c4 Nb4 9. Be2 Be6 10. Nc3 0-0 11. cxd5 Nxc3 12. bxc3 Nxd5 13. Bd2 Bf6 14. Re1 c5 15. Rb1 cxd4 16. Nxd4 Bxd4 17. cxd4 b6 18. Qa4 Rc8 19. h3 h6 20. Rb3 b5 21. Qa3 Rc2 22. Rb2 Rxb2 23. Qxb2 a6 24. Bd1 Qb6 25. a3 Rc8 26. Bb3 Rc6 27. Re5 1/2-1/2

[Event "CP-2011-P-00064"]
[Site "LSS email"]
[Date "2011.09.30"]
[Round "?"]
[White "Zacharov, Oleg"]
[Black "Elias, Holger"]
[Result "1-0"]
[WhiteElo "2202"]
[BlackElo "1916"]
[PlyCount "73"]
[EventDate "2011.10.01"]
[EventType "tourn (corr)"]
[EventRounds "6"]
[EventCountry "GER"]
[SourceTitle "Telechess CBM 157"]
[Source "ChessBase"]
[SourceDate "2013.11.12"]
[SourceVersion "1"]
[SourceVersionDate "2013.11.12"]
[SourceQuality "1"]

1. e4 e5 2. Nf3 Nc6 3. Bb5 a6 4. Ba4 Nf6 5. 0-0 b5 6. Bb3 d6 7. Re1 Be7 8. c3 Na5 9. Bc2 c5 10. d4 Qc7 11. d5 0-0 12. b3 Bd7 13. h3 Nb7 14. Nbd2 Rab8 15. c4 Na5 16. Bb2 g6 17. Bc3 Nh5 18. Nf1 Bf6 19. Qd2 Nb7 20. a3 Bg7 21. Ne3 Nf4 22. Rab1 Qd8 23. h4 Rc8 24. Kh1 Nh5 25. Red1 h6 26. Qe2 f5 27. Nf1 Nf4 28. Qe1 fxe4 29. Bxe4 Qf6 30. Ne3 Bf5 31. Nxf5 gxf5 32. Bc2 Qg6 33. g3 Nh5 34. Nh2 e4 35. Bxg7 Qxg7 36. Qe2 Nf6 37. Rg1 1-0

[Event "SM-2010-0-00117"]
[Site "LSS email"]
[Date "2010.08.26"]
[Round "?"]
[White "Barbarics, Vuk Tadija"]
[Black "Zacharov, Oleg"]
[Result "1-0"]
[WhiteElo "2257"]
[BlackElo "2145"]
[PlyCount "125"]
[EventDate "2010.08.02"]
[EventType "tourn (corr)"]
[EventRounds "6"]
[EventCountry "GER"]
[SourceTitle "Telechess CBM 147"]
[Source "ChessBase"]
[SourceDate "2012.03.16"]
[SourceVersion "1"]
[SourceVersionDate "2012.03.16"]
[SourceQuality "1"]

1. e4 c5 2. Nf3 d6 3. d4 cxd4 4. Nxd4 Nf6 5. f3 e5 6. Nb3 d5 7. Bg5 dxe4 8. Qxd8+ Kxd8 9. Nc3 exf3 10. 0-0-0+ Bd7 11. Nd5 h6 12. Bxf6+ gxf6 13. Nxf6 Kc7 14. Nd5+ Kc8 15. gxf3 Nc6 16. Bc4 Be6 17. Rhe1 h5 18. Kb1 Rb8 19. a4 h4 20. Nd2 Rh6 21. Ne3 Kc7 22. Bxe6 fxe6 23. Ng4 Rg6 24. c3 a6 25. b4 b5 26. a5 Be7 27. Ne4 Rf8 28. Rd3 Rg7 29. Kc1 Rgf7 30. Ree3 Rf5 31. Kd1 Nb8 32. Ke2 Nc6 33. Rd1 Rg8 34. Red3 Rf4 35. h3 Rff8 36. Rg1 Rg7 37. Rgd1 Rgg8 38. Rd7+ Kc8 39. R1d2 Rd8 40. Rxd8+ Rxd8 41. Rxd8+ Kxd8 42. Nef2 Bd6 43. Nd3 Ne7 44. Ngxe5 Bxe5 45. Nxe5 Nd5 46. Kd2 Nf4 47. Ke3 Nd5+ 48. Kd4 Nf4 49. Nd3 Nxh3 50. Ke3 Ke7 51. Nc5 e5 52. Nxa6 Nf4 53. Kf2 Kd6 54. Nc5 Kc6 55. Ne4 Kc7 56. Kg1 Kc6 57. Kh1 Kc7 58. Kh2 Kd7 59. Ng5 Kc7 60. Nf7 Kc6 61. Nxe5+ Kb7 62. Ng4 Ne2 63. Ne3 1-0

[Event "SM-2010-0-00117"]
[Site "LSS email"]
[Date "2010.08.20"]
[Round "?"]
[White "Zacharov, Oleg"]
[Black "Sidenko, Anatoly Viktorovich"]
[Result "1/2-1/2"]
[WhiteElo "2159"]
[BlackElo "2226"]
[PlyCount "89"]
[EventDate "2010.08.02"]
[EventType "tourn (corr)"]
[EventRounds "6"]
[EventCountry "GER"]
[SourceTitle "Telechess CBM 143"]
[Source "ChessBase"]
[SourceDate "2011.07.15"]
[SourceVersion "1"]
[SourceVersionDate "2011.07.15"]
[SourceQuality "1"]

1. e4 c6 2. d4 d5 3. e5 Bf5 4. Nf3 e6 5. Be2 Nd7 6. 0-0 Ne7 7. Nbd2 Ng6 8. Nb3 h5 9. Be3 Be7 10. a4 Rc8 11. Ne1 h4 12. f4 Nb6 13. Nd2 Nd7 14. a5 c5 15. c3 b6 16. Bg4 cxd4 17. Bxd4 Bxg4 18. Qxg4 bxa5 19. Nd3 Nc5 20. f5 exf5 21. Qxf5 0-0 22. Nxc5 Bxc5 23. Nf3 Bxd4+ 24. Nxd4 Rb8 25. b3 Ne7 26. Qh5 Qc7 27. Rf3 Rb6 28. Qxh4 Ng6 29. Qh5 Nxe5 30. Re3 Re8 31. Rae1 g6 32. Qh4 f6 33. Ra1 Re7 34. Rh3 Rh7 35. Qxh7+ Qxh7 36. Rxh7 Kxh7 37. Rxa5 Nc6 38. Rxd5 Nxd4 39. cxd4 g5 40. Rd7+ Kg6 41. Rxa7 Rxb3 42. h3 Rd3 43. Rd7 Kf5 44. Rd6 Kg6 45. d5 1/2-1/2

[Event "LSS SA-2009-0-00091"]
[Site "LSS email"]
[Date "2009.10.22"]
[Round "?"]
[White "Zacharov, Oleg"]
[Black "Nenciulescu, Silviu Catalin"]
[Result "1-0"]
[WhiteElo "2178"]
[BlackElo "1908"]
[PlyCount "85"]
[EventDate "2009.10.04"]
[EventType "tourn (corr)"]
[EventRounds "6"]
[EventCountry "GER"]
[SourceTitle "Telechess CBM 141"]
[Source "ChessBase"]
[SourceDate "2011.03.17"]
[SourceVersion "1"]
[SourceVersionDate "2011.03.17"]
[SourceQuality "1"]

1. e4 e5 2. Nf3 Nc6 3. Bb5 a6 4. Ba4 Nf6 5. 0-0 Be7 6. Re1 b5 7. Bb3 0-0 8. c3 d5 9. exd5 Nxd5 10. Nxe5 Nxe5 11. Rxe5 c6 12. d4 Bd6 13. Re1 Qh4 14. g3 Qh3 15. Re4 g5 16. Qf1 Qh5 17. Nd2 Bf5 18. f3 Nf6 19. Qg2 Qg6 20. Re3 Rae8 21. Ne4 Nxe4 22. g4 Ng3 23. hxg3 Bb1 24. Qf2 Bd3 25. Bd2 a5 26. a4 Rb8 27. Be1 bxa4 28. Bxa4 c5 29. Rxd3 Qxd3 30. Bc2 Qb5 31. Qh2 f5 32. Bxf5 Rb7 33. Qh6 Qxb2 34. Ra2 Qb6 35. Re2 Qd8 36. Re6 Bb8 37. dxc5 Rff7 38. Bf2 Rbe7 39. Rxe7 Qxe7 40. Be6 Be5 41. Bxf7+ Kxf7 42. Qxh7+ Bg7 43. c6 1-0

[Event "LSS SM-2009-0-00050"]
[Site "LSS email"]
[Date "2009.03.24"]
[Round "?"]
[White "Zacharov, Oleg"]
[Black "Alava Moreno, Fausto"]
[Result "1-0"]
[WhiteElo "2163"]
[BlackElo "2262"]
[PlyCount "37"]
[EventDate "2009.02.22"]
[EventType "tourn (corr)"]
[EventRounds "6"]
[EventCountry "GER"]
[SourceTitle "Corr 2024"]
[Source "ChessBase"]
[SourceDate "2023.10.19"]
[SourceVersion "1"]
[SourceVersionDate "2023.10.19"]
[SourceQuality "1"]

1. e4 c5 2. Nf3 Nc6 3. Bb5 Nf6 4. e5 Nd5 5. Nc3 Nc7 6. Bxc6 dxc6 7. h3 g6 8. 0-0 Bg7 9. Re1 0-0 10. d3 Ne6 11. Ne4 b6 12. Neg5 h6 13. Nxe6 Bxe6 14. b3 Qd7 15. Bb2 Rfd8 16. Nd2 a5 17. a4 Qc7 18. Qf3 Rd7 19. Bc3 1-0

[Event "LSS SA-2008-0-00036"]
[Site "LSS email"]
[Date "2008.11.17"]
[Round "?"]
[White "Zacharov, Oleg"]
[Black "Nenciulescu, Silviu Catalin"]
[Result "1/2-1/2"]
[WhiteElo "2136"]
[BlackElo "2005"]
[PlyCount "102"]
[EventDate "2008.11.16"]
[EventType "tourn (corr)"]
[EventRounds "6"]
[EventCountry "GER"]
[SourceTitle "Corr 2011"]
[Source "ChessBase"]
[SourceDate "2010.08.31"]
[SourceVersion "1"]
[SourceVersionDate "2010.08.31"]
[SourceQuality "1"]

1. e4 e5 2. Nf3 Nc6 3. Bb5 a6 4. Ba4 Nf6 5. 0-0 Be7 6. Re1 b5 7. Bb3 0-0 8. c3 d5 9. exd5 Nxd5 10. Nxe5 Nxe5 11. Rxe5 c6 12. d4 Bd6 13. Re1 Qh4 14. g3 Qh3 15. Bxd5 cxd5 16. Qf3 Bf5 17. Qg2 Qh5 18. f3 Rae8 19. Be3 Bh3 20. Qf2 f5 21. Nd2 Rf6 22. f4 Bg4 23. a4 b4 24. c4 dxc4 25. Nxc4 Bf3 26. Bd2 Rd8 27. Nxd6 Rfxd6 28. Bxb4 Rxd4 29. Ba5 R8d7 30. Rac1 h6 31. b3 Rd3 32. Re3 Rxe3 33. Qxe3 Be4 34. Be1 Rd3 35. Qf2 Rxb3 36. Bc3 Qf7 37. Qd4 Kh7 38. Re1 Ba8 39. Kf2 Qc7 40. Rc1 Qb7 41. Qd3 Ra3 42. Qxf5+ g6 43. Qd3 Qg2+ 44. Ke1 Qg1+ 45. Ke2 Qxh2+ 46. Ke1 Qg1+ 47. Ke2 Ra2+ 48. Bd2 Qg2+ 49. Ke1 Bc6 50. Qe3 Qh1+ 51. Ke2 Qg2+ 1/2-1/2

[Event "LSS RM-2008-0-00020"]
[Site "LSS email"]
[Date "2008.10.30"]
[Round "?"]
[White "Zacharov, Oleg"]
[Black "Cabrera Pino, Alexis Gianko"]
[Result "1-0"]
[WhiteElo "2029"]
[BlackElo "2241"]
[PlyCount "35"]
[EventDate "2008.10.03"]
[EventType "tourn (corr)"]
[EventRounds "6"]
[EventCountry "GER"]
[SourceTitle "Corr 2013"]
[Source "ChessBase"]
[SourceDate "2012.11.12"]
[SourceVersion "1"]
[SourceVersionDate "2012.11.12"]
[SourceQuality "1"]

1. e4 c5 2. Nf3 d6 3. d4 cxd4 4. Nxd4 Nf6 5. Nc3 Nc6 6. Bg5 e6 7. Qd2 Be7 8. 0-0-0 Nxd4 9. Qxd4 a6 10. f4 b5 11. Bxf6 gxf6 12. e5 d5 13. Kb1 Bd7 14. Bd3 Rc8 15. Qe3 f5 16. Bxf5 exf5 17. Nxd5 Be6 18. Nf6+ 1-0

[Event "LSS OP-2008-0-00609"]
[Site "LSS email"]
[Date "2008.08.23"]
[Round "?"]
[White "Zacharov, Oleg"]
[Black "Sheppard, Barry S"]
[Result "1/2-1/2"]
[WhiteElo "2152"]
[BlackElo "1914"]
[PlyCount "52"]
[EventDate "2008.08.21"]
[EventType "tourn (corr)"]
[EventRounds "4"]
[EventCountry "GER"]
[SourceTitle "Corr 2013"]
[Source "ChessBase"]
[SourceDate "2012.11.12"]
[SourceVersion "1"]
[SourceVersionDate "2012.11.12"]
[SourceQuality "1"]

1. e4 e6 2. d4 d5 3. Nd2 c5 4. Ngf3 cxd4 5. exd5 Qxd5 6. Bc4 Qd6 7. 0-0 Nf6 8. Nb3 Nc6 9. Nbxd4 Nxd4 10. Nxd4 a6 11. Re1 Qc7 12. Qe2 Bc5 13. c3 b5 14. Bb3 0-0 15. Bg5 Bb7 16. Bxf6 gxf6 17. Qh5 Kh8 18. Qh6 Rg8 19. Qxf6+ Rg7 20. g3 Be7 21. Qe5 Bd6 22. Qe2 Rag8 23. Kf1 Rg6 24. Rad1 Rh6 25. Nf3 Qc6 26. Qe3 Qxf3 1/2-1/2

[Event "LSS ZH-2008-0-00180"]
[Site "LSS email"]
[Date "2008.04.22"]
[Round "?"]
[White "Zacharov, Oleg"]
[Black "Grego, Luis Jose Gonzaga"]
[Result "1/2-1/2"]
[WhiteElo "2359"]
[BlackElo "2007"]
[PlyCount "56"]
[EventDate "2008.04.21"]
[EventType "match (corr)"]
[EventRounds "2"]
[EventCountry "GER"]
[SourceTitle "Corr 2011"]
[Source "ChessBase"]
[SourceDate "2010.08.31"]
[SourceVersion "1"]
[SourceVersionDate "2010.08.31"]
[SourceQuality "1"]

1. e4 c5 2. Nf3 d6 3. d4 cxd4 4. Nxd4 Nf6 5. Nc3 g6 6. Be3 Bg7 7. f3 0-0 8. Qd2 Nc6 9. Bc4 Bd7 10. h4 Rc8 11. Bb3 Ne5 12. 0-0-0 Nc4 13. Bxc4 Rxc4 14. g4 b5 15. h5 b4 16. Nce2 Qa5 17. Kb1 Rfc8 18. hxg6 fxg6 19. Rc1 Qe5 20. b3 R4c7 21. Nf4 Bxg4 22. fxg4 Nxe4 23. Qh2 Nc3+ 24. Ka1 h6 25. Nfe6 Qa5 26. a4 Nxa4 27. bxa4 Qxa4+ 28. Kb2 Qa3+ 1/2-1/2